00326nam a2200145Ia 4500100002100000650001600021250000600037366000700043654001600050245005600066260002800122082001000150300000800160546001200168 aPalnitkar/Samir  averilog HDL a2 f20 averilog HDL aVerilog HDL:A guide to digital design and synthesis bPearson Educationc2003 a5.133 a490 aENGLISH